Statystyki dla Sąsiedzi Szwajcarii

Kliknij tutaj aby rozwiązać quiz!

Ogólne statystyki

  • Ten quiz został rozwiązany 52 razy
  • Średni wynik to 5 z 5

Statystyki odpowiedzi

Odpowiedź% Poprawnych
Niemcy
100%
Francja
100%
Włochy
100%
Austria
98%
Liechtenstein
81%

Rozkład punktacji

Percentyl według liczby udzielonych odpowiedzi

Procent ludzi z każdym wynikiem

Twoja historia wyników

Nie rozwiązałeś tego quizu